Minecraft Vocabulary #4 - Statistics

General Stats
  • This quiz has been taken 14 times
    13 since last reset
  • The average score is 9 of 15
Answer Stats
Term Word % Correct
Item placed on the ground in order to plant trees Sapling
100%
Part of an end city that you would see an Elytra End Ship
85%
Orange wood type found in the Savanna biome Acacia
77%
Used to get wool, vines, seagrass, cobwebs, etc... Shears
77%
Cows that can give you stew if you click on them Mooshroom
69%
Pillager structure where you can get Bad Omen Outpost
69%
Block used to push things that could be sticky Piston
69%
Type of furnace used for food, crafted with logs Smoker
69%
Make with six iron or wood, and is a half-tall door Trapdoor
69%
Black variant of a skeleton, but is a mob by itself Wither
69%
Crafted with just logs in one slot to make this Planks
62%
Word used for any red blocks in the red biome Crimson
46%
Aside from Dinnerbone, turns mobs upside down Grumm
23%
The word used for blocks that are in the blue biome Warped
15%
Word referring to a place, usually being far away Ender
0%
No matching quizzes found
Score Distribution
Percent of People with Each Score
Percentile by Number Answered
Your Score History
You have not taken this quiz since the last reset